Statistics for Part of Your World Lyrics

Click here to take the quiz!

General Stats

  • This quiz has been taken 254 times
  • The average score is 16 of 54

Answer Stats

Hint Answer % Correct
Look at this stuff
92%
Isn't it neat?
91%
Wouldn't you think my collection's complete?
78%
The girl who has everything?
74%
Wouldn't you think I'm the girl
73%
Treasures untold
67%
How many wonders can one cavern hold?
63%
I want more
61%
Look at this trove
60%
No big deal
60%
But who cares?
59%
I've got gadgets and gizmos a-plenty
56%
I wanna be where the people are
52%
Sure, she's got everything
52%
I've got twenty!
45%
I wanna see, wanna see them dancin'
41%
Looking around here you think
40%
You want thingamabobs?
38%
Walking around on those
33%
up where they run
31%
Up where they walk
31%
I've got whozits and whatzits galore
28%
Part of that world
26%
Legs are required for jumping, dancing
26%
Up where they stay all day in the sun
24%
Street
24%
Oh - feet!
24%
what do you call 'em?
21%
what's that word again?
20%
Wish I could be
19%
Flippin' your fins, you don't get too far
17%
What would I give
12%
Strolling along down a
12%
Burn?
12%
what's the word?
12%
Bet'cha on land
11%
What would I pay
10%
they understand
9%
Wanderin' free - wish I could be
8%
What's a fire and why does it
8%
if I could live out of these waters?
8%
to spend a day warm on the sand?
8%
Ready to stand
8%
When's it my turn
7%
Bright young women sick of swimmin'
7%
Ask 'em my questions
6%
what the people know
6%
Wouldn't I love
6%
Out of the sea
6%
And ready to know
6%
and get some answers
5%
Bet they don't reprimand their daughters
5%
love to explore that shore up above
3%

Score Distribution

Percentile by Number Answered

Percent of People with Each Score

Your Score History

You have not taken this quiz